La lectura y los lectores: ¿cómo dialogar con el texto?
Uloženo v:
| Hlavní autor: | |
|---|---|
| Médium: | Kniha |
| Jazyk: | španělština |
| Vydáno: |
Rosario
Homo Sapiens
1998
|
| Edice: | Serie Educación
|
| Témata: | |
| Tagy: |
Přidat tag
Žádné tagy, Buďte první, kdo vytvoří štítek k tomuto záznamu!
|
MARC
| LEADER | 00000nam a2200000 a 4500 | ||
|---|---|---|---|
| 001 | UCL0087 | ||
| 003 | CL-VaPUC | ||
| 008 | 030612e19980000AG |||||||||||||||||spa|d | ||
| 082 | 0 | 4 | |a 401.9 |b PIP |2 21 |
| 100 | 0 | |a Pipkin Embón, Mabel |e author |9 476788 | |
| 245 | 1 | 3 | |a La lectura y los lectores: ¿cómo dialogar con el texto? |
| 300 | |a 205 p | ||
| 942 | |c BK | ||
| 945 | |d 20030612 00:00:00 |a cmena | ||
| 260 | |a Rosario |b Homo Sapiens |c 1998 | ||
| 650 | 0 | |a Psicolingüística |9 283371 | |
| 650 | 0 | |a Comprensión de lectura |9 307588 | |
| 650 | 0 | |a Cognición |9 270347 | |
| 583 | |a last modification |c 20030612 00:00:00 |k Rodrigo Vera | ||
| 490 | 0 | |a Serie Educación | |
| 999 | |c 304115 |d 304113 | ||
| 952 | |0 0 |1 0 |4 0 |6 401_900000000000000_PIP_1998 |7 0 |8 A |9 365929 |a FDOPOS |b FDOPOS |d 2019-11-21 |i 3912795 |o 401.9 PIP 1998 |p 3912795 |r 2025-01-22 |w 2019-11-21 |y BK |k MLA | ||